000 00669na a2200229 4500
001 19024
003 MIRAKIL
005 20181213155053.0
008 161206b tu 000 0
020 _a9755124551
040 _aMilas
_btur
_cTR-AnCHP
041 _atur
082 _a368.402
_bS66 2000
090 _a368.402 S66 2000
245 _aSorularla Bağ-Kur rehberi
_chazırlayan: A. Murat Demircioğlu.
260 _aİstanbul
_bİstanbul Ticaret Odası
_c2000
300 _a126 s.
_btbl.;
_c19 sm.
490 _aİstanbul Ticaret Odası
_v16
650 _aSigortalar
_xSağlık sigortası
_yRehberler
700 _aDemircioğlu, A. Murat
942 _2ddc
_cBKS
999 _c5991
_d5991